Statistics for Top 50 Biggest Cities Using All Methods

Click here to take the quiz!

General Stats

  • This quiz has been taken 584 times
    (566 since last reset)
  • The average score is 53 of 74

Answer Stats

Answer% Correct
Tokyo
100%
New York City
99%
Cairo
98%
Delhi
98%
Los Angeles
98%
Mexico City
98%
Moscow
98%
Paris
98%
Seoul
98%
Beijing
97%
Jakarta
97%
London
97%
Manila
97%
Shanghai
97%
Bangkok
96%
Buenos Aires
96%
Istanbul
96%
Mumbai
96%
Rio de Janeiro
96%
Lima
95%
São Paulo
95%
Chicago
94%
Tehran
94%
Bogotá
92%
Lagos
92%
Osaka
92%
Ho Chi Minh City
91%
Guangzhou
90%
Johannesburg
90%
Singapore
89%
Dhaka
88%
Karachi
88%
Taipei
88%
Kuala Lumpur
87%
Hanoi
86%
Kinshasa
86%
Saint Petersburg
86%
Baghdad
85%
Hong Kong
85%
Kolkata
85%
Riyadh
80%
Lahore
79%
Bengaluru
76%
Chennai
75%
Hyderabad
70%
Tianjin
70%
Xi'an
70%
Santiago
68%
Wuhan
68%
Nagoya
67%
Shenzhen
67%
Chengdu
64%
Yangon
63%
Ahmedabad
62%
Nanjing
57%
Chongqing
53%
Rhine-Ruhr
51%
Hangzhou
48%
Harbin
48%
Shenyang
41%
Qingdao
38%
Faisalabad
32%
Shantou
30%
Zhengzhou
30%
Changsha
29%
Wenzhou
25%
Jinan
18%
Dongguan
17%
Ningbo
15%
Foshan
12%
Nanchang
8%
Changzhou
7%
Quanzhou
7%
Zunyi
1%

Score Distribution

Percentile by Number Answered

Percent of People with Each Score

Your Score History

You have not taken this quiz since the last reset